Catalog

Record Details

Catalog Search



Rain forests  Cover Image Book Book

Rain forests / by Will Osborne and Mary Pope Osborne ; illustrated by Sal Murdocca.

Osborne, Will. (Author). Murdocca, Sal (ill.) (Added Author). Osborne, Mary Pope. (Added Author).

Summary:

Provides an introduction to rain forests and explains the need to preserve the tropical environments.

Record details

  • ISBN: 9780375813559
  • ISBN: 0375813551
  • Physical Description: 119 pages : illustrations ; 20 cm.
  • Publisher: New York : Random House, ©2001.

Content descriptions

General Note:
"A stepping stone book."
"A nonfiction companion to Afternoon on the Amazon."
Bibliography, etc. Note:
Includes bibliographical references and index.
Formatted Contents Note:
What is a rain forest? -- Layers of a tropical rain forest -- Rain forest plants -- Rain forest creatures -- People of rain forest -- Gifts of the rain forest -- Saving the rain forests -- Doing more research.
Subject: Rain forest ecology.

Available copies

  • 1 of 1 copy available at scottsboropl.

Holds

  • 0 current holds with 1 total copy.
Show Only Available Copies
Location Call Number / Copy Notes Barcode Shelving Location Status Due Date
scottsboropl J 577.34 Osb 32269001131831 Juvenile - NonFiction Available -

LDR 01631nam a2200385Mi 4500
001152403
003CONS
00520190827074436.0
008001220s2001 nyua b 001 0 eng d
010 . ‡a 00054780
020 . ‡a9780375813559 ‡q(paperback)
020 . ‡a0375813551 ‡q(paperback)
035 . ‡a(CPomAG)LMN614005
05000. ‡aQH541.5.R27
08214. ‡a577.34 ‡213
1001 . ‡aOsborne, Will.
24510. ‡aRain forests / ‡cby Will Osborne and Mary Pope Osborne ; illustrated by Sal Murdocca.
260 . ‡aNew York : ‡bRandom House, ‡c©2001.
300 . ‡a119 pages : ‡billustrations ; ‡c20 cm.
336 . ‡atext ‡btxt ‡2rdacontent
337 . ‡aunmediated ‡bn ‡2rdamedia
338 . ‡avolume ‡bnc ‡2rdacarrier
4901 . ‡aMagic tree house research guide
500 . ‡a"A stepping stone book."
500 . ‡a"A nonfiction companion to Afternoon on the Amazon."
504 . ‡aIncludes bibliographical references and index.
5050 . ‡aWhat is a rain forest? -- Layers of a tropical rain forest -- Rain forest plants -- Rain forest creatures -- People of rain forest -- Gifts of the rain forest -- Saving the rain forests -- Doing more research.
520 . ‡aProvides an introduction to rain forests and explains the need to preserve the tropical environments.
650 0. ‡aRain forest ecology.
7001 . ‡aMurdocca, Sal ‡q(ill.)
7001 . ‡aOsborne, Mary Pope.
830 0. ‡aMagic tree house research guide.
914 . ‡aSCP_LP
959 . ‡i32269001131831 ‡lJ 577.34 Osb ‡aJuvenile - NonFiction ‡tPaperback ‡g10.00
852 . ‡p32269001131831 ‡jJ 577.34 Osb ‡gJuvenile - NonFiction ‡cPaperback ‡y10.00 ‡bSBPL
901 . ‡a152403 ‡bUnknown ‡c152403 ‡tbiblio

Additional Resources